000 00567nam a22001812 4500
001 0000005381
005 20151217155827.0
008 070612s xx 000 0 eng d
040 _aKABU
_cKABU
050 0 _aZ858
_b.K33K67
100 1 _aKosgei, Judy Jeptum.
_@0000156670
245 1 0 _aIndustrial attachment report conducted as from 3rd May to 31st July 2004 at Kabarak University Library.
300 _a18 leaves.
610 2 0 _aKabarak University Library.
_@0000156666
908 _a070612
950 _@1
999 _c12968
_d12968